000 00694nam a2200217 a 4500
005 20210223124158.0
008 010611s1988 mx r 000 0 spa d
020 _a968451381X
035 _aUPN01000108092
049 _aCG
050 4 _aHF5686 C8
_bB3.2 1988
100 1 _aBacker, Morton
245 1 0 _aContabilidad de costos :
_bun enfoque administrativo para la toma de decisiones /
_cMorton Backer, Lyle Jacobsen, David Noel Ramírez Padilla.
250 _a2a ed.
260 _aMéxico :
_bMcGraw-Hill,
_c1988.
300 _a743 p.
650 4 _aCONTABILIDAD DE COSTOS
_912258
700 1 _aJacobsen, Lyle,
_ecoaut.
700 1 _aRamírez Padilla, David Noel,
_ecoaut.
905 _aLibro
999 _c82004
_d82004